| 000 | 00389nam a2200109Ia 4500 | ||
|---|---|---|---|
| 008 | 171204s9999 xx 000 0 und d | ||
| 245 | _aColor Play: Expanded & Updated • Over 100 New Quilts • Transparency, Luminosity, Depth & More: | ||
| 245 | _cJoen Wolfrom | ||
| 260 | _c2014 | ||
| 650 | _xColor, Lights and Sound Management | ||
| 856 | _uhttp://down.ebook777.com/061/9781607059646.pdf | ||
| 999 |
_c346280 _d346280 |
||